Las plagas del café / (Record no. 91250)

MARC details
000 -LEADER
campo de control de longitud fija 00658nam a2200193 i 4500
001 - NÚMERO DE CONTROL
campo de control 91250
003 - IDENTIFICADOR DE NÚMERO DE CONTROL
campo de control ES-MaACL
005 - FECHA Y HORA DE LA ÚLTIMA TRANSACCIÓN
campo de control 20230906180656.0
007 - CAMPO FIJO DE DESCRIPCIÓN FÍSICA--INFORMACIÓN GENERAL
campo de control de longitud fija t|
008 - DATOS DE LONGITUD FIJA--INFORMACIÓN GENERAL
campo de control de longitud fija 050128s1973 sp ||||1| spa d
100 1# - ENTRADA PRINCIPAL--NOMBRE DE PERSONA
Nombre de persona Le Pelley, R. H.
9 (RLIN) 70909
245 14 - MENCIÓN DEL TÍTULO
Título Las plagas del café /
Mención de responsabilidad, etc. R.H. Le Pelley ; [traducción: José Cuello Subirana, Jordi Lleonart Aliberas, Pere Juan León].
260 ## - PUBLICACIÓN, DISTRIBUCIÓN, ETC.
Lugar de publicación, distribución, etc. Barcelona, etc. :
Nombre del editor, distribuidor, etc. Labor,
Fecha de publicación, distribución, etc. [1973]
300 ## - DESCRIPCIÓN FÍSICA
Extensión XIV, 693 p., 5 lám. :
Otras características físicas il. ;
Dimensiones 22 cm.
700 1# - ENTRADA AGREGADA--NOMBRE PERSONAL
Nombre de persona Cuello Subirana, José.
9 (RLIN) 41991
700 1# - ENTRADA AGREGADA--NOMBRE PERSONAL
Nombre de persona Lleonart Aliberas, Jordi.
9 (RLIN) 72761
700 1# - ENTRADA AGREGADA--NOMBRE PERSONAL
Nombre de persona Juan León, Pere.
9 (RLIN) 67126
852 ## - LOCALIZACIÓN
Ubicación ES-MaACL
Número de control de estantería C-53313
Sublocalización o colección R.86300
Holdings
Estatus retirado Estado de pérdida Estado de daño No para préstamo Biblioteca de origen Biblioteca actual Ubicación en estantería Fecha de adquisición Fuente de adquisición Total de préstamos Signatura topográfica completa Código de barras Visto por última vez Precio de reemplazo Tipo de ítem Koha
        Biblioteca del Ateneo de Madrid Biblioteca del Ateneo de Madrid Depósito 2 17/01/2008     C-53313 1095271 23/02/2023 23/02/2023 Libro impreso